| 000 | 00578nam a2200193 4500 | ||
|---|---|---|---|
| 001 | 136979 | ||
| 003 | ES-MaACL | ||
| 005 | 20250722131825.0 | ||
| 007 | t| | ||
| 008 | 070214s1967 sp r ||||1| spa d | ||
| 100 | 1 |
_aSaint-Loup, Stanislas de. _9101535 |
|
| 245 | 1 | 4 |
_aLos voluntarios / _cStanislas de Saint-Loup ; versión de Basilio Losada. |
| 250 | _a1ª. ed. | ||
| 260 |
_aBarcelona : _bLuis de Caralt, _c1967. |
||
| 300 |
_a414 p. : _bil. ; _c20 cm. |
||
| 700 | 1 |
_aLosada, Basilio, _d1930- _974251 |
|
| 852 |
_aES-MaACL _jC-32079 _bR.62318 |
||
| 999 |
_c136979 _d136979 |
||